Výsledky zoologicko-parazitologického prieskumu v rokoch 1977-1985 na niektorých lokalitách Záhorskej nížiny ; J. Lysý, J. Řeháček, E. Kocianová, O. Kožuch, J. Nosek, I. Grulich

Bibliographic Details
Main Authors: Lysý, J. (Author), Řeháček, Josef, 1931- (Author), Kocianová, Elena, 1948- (Author), Kožuch, Oto, 1934-1999 (Author), Nosek, J. (Author), Grulich, Ivo, 1925- (Author)
Format: Article
Language:Slovak
PhysicalDescription:Tb. 10., lit. 7 zázn. v slov., češ., nem.
Subjects:

MARC

LEADER 00000nab a2200000 a 4500
001 vtls000404145
003 SK-MaSNL
005 20260303224620.0
008 220423c1989 xo 0 slo
015 |a SNBRA19rr/mm-uuuuu 
035 |a CL0404269 
040 |a SNKBUCL  |b slo  |c SNKBUCL  |e AACR2 
041 0 |a slo 
044 |a xo  |c SK 
080 |a 616.981.45  |2 1981 
080 |a 591.67  |2 1981 
245 0 0 |a Výsledky zoologicko-parazitologického prieskumu v rokoch 1977-1985 na niektorých lokalitách Záhorskej nížiny ; J. Lysý, J. Řeháček, E. Kocianová, O. Kožuch, J. Nosek, I. Grulich 
300 |b Tb. 10., lit. 7 zázn. v slov., češ., nem. 
650 0 7 |a tularémia  |2 snkbucl  |9 23823 
651 7 |a Záhorie (Slovensko : región)  |2 snkbucl  |9 177455 
655 7 |a články zo zborníkov  |2 snkbucl  |9 166140 
700 1 |a Lysý, J.  |4 aut  |9 578104 
700 1 |a Řeháček, Josef,  |d 1931-  |4 aut  |9 27955 
700 1 |a Kocianová, Elena,  |d 1948-  |4 aut  |9 178646 
700 1 |a Kožuch, Oto,  |d 1934-1999  |4 aut  |9 160439 
700 1 |a Nosek, J.  |4 aut  |9 409948 
700 1 |a Grulich, Ivo,  |d 1925-  |4 aut  |9 123830 
773 0 |t Entomologické problémy 19  |d Bratislava : Veda, 1989  |g S. 297-317 
850 |a Slovenská národná knižnica v Martine  |a MTA001 
852 |a SNK  |b KIS3GCP 
958 |a NB 
958 |a RK 
958 |a ME 
992 |a RZB 
999 |c 2253137  |d 2255067